000 00372pam a2200157a 44500
008 230515b2016 xxu||||| |||| 00| 0 eng d
020 _a9789339221652
041 _aENGLISH
082 _a621.3/CEN
100 _aCENGEL,BOLES
245 _aTHERMODYNAMICS AN ENGG. APPROCACH
250 _a0
260 _aDELHI
_bMACGRAW HILL
_c2016
300 _a954
650 _aNULL
999 _c612351
_d612351